|
|
|
|
| LEADER |
01569nam a2200265 a 4500 |
| 001 |
00008388 |
| 003 |
BD-DhAAL |
| 005 |
20230807133129.0 |
| 008 |
141206s2002 ii 00 0 ben d |
| 020 |
|
|
|a 9788175222243 (V.3)
|
| 040 |
|
|
|a BD-DhAAL
|c BD-DhAAL
|
| 082 |
0 |
0 |
|a 891/.44/14
|2 22
|
| 100 |
1 |
|
|a মুখোপাধ্যায়,প্রভাতকুমার
|9 6614
|
| 245 |
0 |
0 |
|a রবীন্দ্রজীবনী ও রবীন্দ্রসাহিত্য-প্রবেশক,
|n ১৩২৫-১৩৪১ ।। ১৯১৮-১৯৩৪, তৃতীয় খন্ড /
|c প্রভাতকুমার মুখোপাধ্যায়
|
| 260 |
|
|
|a কলকাতা :
|b বিশ্বভারতী,
|c ২০০০ [পুনর্মুদ্রণ ২০১৪].
|
| 300 |
|
|
|a ৫৯৯ পৃষ্ঠা ;
|c ২৫ সে.মি.
|
| 500 |
|
|
|a নির্ঘণ্ট অন্তর্ভুক্ত।
|
| 541 |
1 |
|
|e 8388, 41341
|a Donated By Akbar Ali Khan
|
| 650 |
|
0 |
|a Tagore, Rabindranath,1861-1941.
|9 6615
|
| 650 |
|
0 |
|a Authors, Bengali
|y 20th century
|v Biography.
|9 6616
|
| 852 |
1 |
|
|a Ayesha Abed Library
|c General Stacks
|
| 942 |
|
|
|2 ddc
|c BK
|
| 999 |
|
|
|c 33237
|d 33237
|
| 952 |
|
|
|0 0
|1 0
|2 ddc
|4 0
|6 891_441400000000000_MUK
|7 0
|9 44367
|a BRACUL
|b BRACUL
|c GEN
|d 2014-12-06
|l 3
|m 2
|o 891.4414 MUK
|p 3010008388
|r 2025-08-03
|s 2025-07-26
|t 1
|w 2014-12-06
|y BK
|
| 952 |
|
|
|0 0
|1 0
|2 ddc
|4 0
|6 891_441400000000000_MUK
|7 1
|9 74189
|a BRACUL
|b BRACUL
|c AAKC
|d 2023-08-07
|e Donated By Akbar Ali Khan
|g 560.00
|l 0
|o 891.4414 MUK
|p 3010041341
|r 2023-08-07
|t 1
|w 2023-08-07
|y BK
|